Normal view
MARC view
- اللغة العربية-عروض وقوافي-الأوزان الشعرية
Entry Topical Term
001 - CONTROL NUMBER
- control field: 26527
003 - CONTROL NUMBER IDENTIFIER
- control field: JO-AjAnu
005 - DATE AND TIME OF LATEST TRANSACTION
- control field: 20230606074522.0
008 - FIXED-LENGTH DATA ELEMENTS
- fixed length control field: 230606|| aca||aabn | a|a d
040 ## - CATALOGING SOURCE
- Original cataloging agency: JO-AjAnu
- Transcribing agency: JO-AjAnu
150 ## - HEADING--TOPICAL TERM
- Topical term or geographic name entry element: اللغة العربية-عروض وقوافي-الأوزان الشعرية
670 ## - SOURCE DATA FOUND
- Source citation: Work cat.: (JO-AjAnu)13629: عتيق،عبد العزيز, author 26526, علم العروض القافية